000 00320nam a2200133Ia 4500
005 20251222155103.0
008 251222s9999||||xx |||||||||||||| ||spa||
082 _aSOC.39.1-3/Ej.3
100 _aVISCARDO Y GUZMAN,Juan
245 0 _aEl hombre y su tiempo 3 Vol.
250 _a1ra. ed.
264 _bDesa
942 _cLIB
999 _c37749
_d37749